Countries with Y - Statistics

General Stats
  • This quiz has been taken 86 times
  • The average score is 12 of 18
Answer Stats
Continent Country % Correct
Asia Yemen
99%
South America Uruguay
81%
South America Guyana
80%
South America Paraguay
80%
Europe Italy
73%
Europe Germany
71%
Europe Hungary
71%
Asia Turkey
70%
Africa Libya
69%
Europe Norway
67%
Africa Egypt
64%
Africa Kenya
64%
Asia Malaysia
64%
Asia Syria
60%
Asia Kyrgyzstan
59%
Asia Cyprus
56%
Africa Seychelles
47%
Europe Vatican City
41%
No matching quizzes found
Score Distribution
Percent of People with Each Score
Percentile by Number Answered
Your Score History
You have not taken this quiz